US presidents in Minecraft - Statistics

General Stats
  • This quiz has been taken 30 times
  • The average score is 8 of 12
Answer Stats
Picture Answer % Correct
Abraham Lincoln
100%
Joe Biden
92%
Donald Trump
88%
George Washington
84%
Theodore Roosevelt
76%
Bill Clinton
60%
John Adams
60%
Ulysses S. Grant
60%
Harry S. Truman
56%
William Howard Taft
56%
Jimmy Carter
52%
John F. Kennedy
44%
No matching quizzes found
Score Distribution
Percent of People with Each Score
Percentile by Number Answered
Your Score History
You have not taken this quiz